Mosaic 2 : Grammar
Interactions Mosaic, Silver Edition is the newly revised five-level, four-skill comprehensive ESL/EFL series designed to prepare students for academic content. The themes are integrated across proficiency levels and the levels are articulated across skill strands. The series combines communicative a...
Gardado en:
| Autor Principal: | |
|---|---|
| Formato: | Libro |
| Idioma: | Undetermined |
| Publicado: |
New York
McGraw-Hill
2007
|
| Những chủ đề: | |
| Các nhãn: |
Engadir etiqueta
Sen Etiquetas, Sexa o primeiro en etiquetar este rexistro!
|
| Thư viện lưu trữ: | Trung tâm Học liệu Trường Đại học Cần Thơ |
|---|
| LEADER | 01231nam a2200241Ia 4500 | ||
|---|---|---|---|
| 001 | CTU_133386 | ||
| 008 | 210402s9999 xx 000 0 und d | ||
| 020 | |c 196000 | ||
| 082 | |a 428.0071 | ||
| 082 | |b M894 | ||
| 100 | |a Werner, Patricia K. | ||
| 245 | 0 | |a Mosaic 2 : | |
| 245 | 0 | |b Grammar | |
| 245 | 0 | |c Patricia K. Werner, Hohn P. Nelson | |
| 260 | |a New York | ||
| 260 | |b McGraw-Hill | ||
| 260 | |c 2007 | ||
| 520 | |a Interactions Mosaic, Silver Edition is the newly revised five-level, four-skill comprehensive ESL/EFL series designed to prepare students for academic content. The themes are integrated across proficiency levels and the levels are articulated across skill strands. The series combines communicative activities with skill-building exercises to boost students' academic success. | ||
| 650 | |a English language,English language,Ngôn ngữ tiếng Anh,Ngôn ngữ tiếng Anh | ||
| 650 | |x Grammar,Texbooks for foreign speakers,Ngữ pháp,Giáo trình ngoại ngữ tiếng Anh | ||
| 904 | |i Quang Hiếu | ||
| 910 | |a H.Mai chuyển số PL về 428.0071 dùng cho cả bộ, mã hóa cutter theo tên sách | ||
| 980 | |a Trung tâm Học liệu Trường Đại học Cần Thơ | ||